000 01124cam a2200301 a 4500
999 _c128779
_d128779
001 3839137
003 ARRUPE
005 20190114111924.0
008 870205s1987 caua 000 0 eng
010 _a 87002340
020 _a0938077007 (pbk.) :
_c$8.50
035 _a(DLC) 87002340
040 _aDLC
_cDLC
_dDLC
050 0 0 _aBQ5410
_b.N45 1987
082 0 0 _a294.3/444
_219
100 0 _aNhất Hạnh,
_cThích.
_944022
245 1 0 _aBeing peace /
_cThich Nhat Hanh ; edited by Arnold Kotler ; with illustrations by Mayumi Oda.
260 _aBerkeley, Calif. :
_bParallax Press,
_cc1987.
300 _ax, 115 p. :
_bill. ;
_c21 cm.
500 _aCollection of talks given during visit to U.S. in fall of 1985.
650 0 _aReligious life
_xBuddhism.
_944023
650 0 _aBuddhism
_xDoctrines.
_944024
700 1 _aKotler, Arnold,
_d1946-
_944025
906 _a7
_bcbc
_corignew
_d1
_eocip
_f19
_gy-gencatlg
942 _2lcc
_cMONOGRAPH